[Event "Montigny le Bretonneux Noel op 18th"]
[Site "Montigny le Bretonneux"]
[Date "2017.12.29"]
[Round "5"]
[White "Belan, Pascal"]
[Black "Chaintreau, Thomas"]
[Result "1-0"]
[WhiteElo "1493"]
[BlackElo "1228"]
[PlyCount "119"]
[EventDate "2017.12.26"]
[EventType "swiss"]
[EventRounds "7"]
[EventCountry "FRA"]
[SourceTitle "CBM 182 Extra"]
[Source "ChessBase"]
[SourceDate "2018.02.23"]
[SourceVersion "1"]
[SourceVersionDate "2018.02.23"]
[SourceQuality "1"]

1. e4 e6 2. d4 c5 3. c3 d5 4. exd5 exd5 5. Nf3 Nf6 6. Be2 Bd6 7. 0-0 0-0 8. Bg5 Nc6 9. dxc5 Be7 10. Nbd2 Bxc5 11. Bxf6 Qxf6 12. Nb3 Qd6 13. Nxc5 Qxc5 14. Qc2 h6 15. Rad1 Be6 16. Nd4 Nxd4 17. Rxd4 Rfe8 18. Bf3 Rac8 19. Rfd1 Rc7 20. Qd2 Rce7 21. h3 Qd6 22. c4 Rc8 23. Bxd5 Bxd5 24. Rxd5 Qc7 25. Rd8+ Re8 26. Rxe8+ Rxe8 27. b3 b6 28. Qc2 Qc5 29. Qd3 Qb4 30. Qd2 Qxd2 31. Rxd2 Kf8 32. Kf1 g6 33. Rd7 a5 34. Rd6 Re6 35. Rxe6 fxe6 36. Ke2 Ke7 37. Ke3 Kd6 38. a3 Kc5 39. Kd3 Kd6 40. b4 a4 41. Ke4 e5 42. f4 exf4 43. Kxf4 Ke6 44. Ke4 Kd6 45. Kd4 Ke6 46. c5 b5 47. Ke4 h5 48. Kf4 Kf6 49. c6 g5+ 50. Ke4 Ke6 51. c7 Kd7 52. Kf5 Kxc7 53. Kxg5 Kd6 54. Kxh5 Kd5 55. g4 Kc4 56. g5 Kb3 57. g6 Kxa3 58. g7 Kxb4 59. g8Q a3 60. Qa2 1-0